000 00375pam a2200145 a 4500
020 _c
041 _h
082 _a658.4`038
100 _aPARKER (Charles) / CASE (Thomas)
_eauthor
245 _aManagement Information Systems, Strategy and Action
_hTextual Document
250 _a2nd
260 _bMc Graw Hill New York,
_c1993
300 _axxiii, 888
930 _a6208
999 _c835430
_d835430